Statistics for 45 European Countries, 45 Landmarks

Click here to take the quiz!

General Stats

  • This quiz has been taken 594 times
  • The average score is 23 of 45

Answer Stats

Answer% Correct
France
95%
Spain
94%
Greece
93%
Iceland
90%
Monaco
90%
Russia
90%
Italy
88%
United Kingdom
88%
Germany
87%
Switzerland
83%
Ireland
80%
Netherlands
80%
Vatican City
76%
Austria
74%
Poland
71%
Belgium
69%
Hungary
66%
Portugal
57%
Norway
50%
Malta
48%
Romania
48%
Croatia
44%
Denmark
44%
Slovenia
44%
Czechia
43%
Finland
42%
Ukraine
38%
Liechtenstein
35%
Sweden
35%
San Marino
34%
Bulgaria
33%
Slovakia
31%
Serbia
30%
Estonia
29%
Bosnia and Herzegovina
27%
Luxembourg
22%
Andorra
20%
Latvia
18%
Montenegro
18%
Kosovo
16%
Albania
15%
Belarus
15%
Lithuania
15%
North Macedonia
15%
Moldova
13%

Score Distribution

Percentile by Number Answered

Percent of People with Each Score

Your Score History

You have not taken this quiz